000 00329nam a22001337a 4500
008 170922b xxu||||| |||| 00| 0 eng d
020 _a9780787963309
041 _aeng
080 _a37
100 _a46
101 _aEDU
245 _aENHANCING COMMUNITY COLLEGES THORUGH PROFESSIONAL DEVELOPMENT
_cWATTS,G.E
942 _2udc
_cBK
999 _c28990
_d28990